<?xml version="1.0" encoding="UTF-8"?>
<collection xmlns="http://www.loc.gov/MARC21/slim">
 <record>
  <leader>00701pam a22002298a 4500</leader>
  <controlfield tag="001">00020940</controlfield>
  <controlfield tag="005">20171026081025.0</controlfield>
  <controlfield tag="008">110520s1987                  ||||||Viesd</controlfield>
  <datafield tag="041" ind1="0" ind2="#">
   <subfield code="a">Vie</subfield>
  </datafield>
  <datafield tag="082" ind1="1" ind2="#">
   <subfield code="a">823</subfield>
   <subfield code="b">CH527T</subfield>
  </datafield>
  <datafield tag="100" ind1="0" ind2="#">
   <subfield code="a">Coonan Đoilơ</subfield>
  </datafield>
  <datafield tag="245" ind1="0" ind2="0">
   <subfield code="a">Chuyện tai tiếng ở miền Bôhêm</subfield>
   <subfield code="b">Tập truyện</subfield>
   <subfield code="c">Coonan Đoilơ</subfield>
  </datafield>
  <datafield tag="260" ind1="#" ind2="#">
   <subfield code="a">H,</subfield>
   <subfield code="b">Pháp lý</subfield>
   <subfield code="c">1987</subfield>
  </datafield>
  <datafield tag="300" ind1="#" ind2="#">
   <subfield code="a">183 tr,</subfield>
   <subfield code="c">19cm</subfield>
  </datafield>
  <datafield tag="650" ind1=" " ind2=" ">
   <subfield code="a">Anh</subfield>
  </datafield>
  <datafield tag="650" ind1=" " ind2=" ">
   <subfield code="a">Văn học hiện đại</subfield>
  </datafield>
  <datafield tag="653" ind1="#" ind2="#">
   <subfield code="a">Truyện vừa</subfield>
  </datafield>
  <datafield tag="852" ind1="#" ind2="#">
   <subfield code="b">Kho đọc</subfield>
   <subfield code="j">KD.0006992</subfield>
  </datafield>
  <datafield tag="852" ind1="#" ind2="#">
   <subfield code="j">KD.0006992</subfield>
  </datafield>
  <datafield tag="910" ind1="#" ind2="#">
   <subfield code="a">Hiếu</subfield>
   <subfield code="d">20/05/2011</subfield>
  </datafield>
  <datafield tag="980" ind1="#" ind2="#">
   <subfield code="a">Trung tâm Học liệu Lê Vũ Hùng, Trường Đại học Đồng Tháp</subfield>
  </datafield>
 </record>
</collection>
